Solfeos hablados y cantados

Sparad:
Bibliografiska uppgifter
Huvudupphovsman: Pozzoli, Ettore (Författare, medförfattare)
Materialtyp: Bok
Språk:spanska
Publicerad: Milán Ricordi 1960
Serie:E.R., 1154
Ämnen:
Taggar: Lägg till en tagg
Inga taggar, Lägg till första taggen!

MARC

LEADER 00000nam a2200000 a 4500
001 UCM0282
003 CL-VaPUC
008 020125e19600000IT |||||||||||||||||spa|d
082 0 4 |a 781.4212  |b POZ  |2 21 
100 0 |a Pozzoli, Ettore  |e author  |9 466994 
245 1 0 |a Solfeos hablados y cantados 
300 |a v 
942 |c BK 
945 |d 20020125 00:00:00  |a lriquelm 
260 |a Milán  |b Ricordi  |c 1960 
500 |a v.3: Curso 3§ 
650 0 |a Solfeo  |9 460401 
650 0 |a Estudio e instrucción  |9 306288 
650 0 |a Técnicas de ejecución  |9 323937 
650 0 |a Partituras  |9 324008 
650 0 |a Elementos de la música  |9 416977 
583 |a last modification  |c 20130316 11:14:02  |k Rodrigo Vera 
490 0 |a E.R., 1154 
999 |c 299249  |d 299247 
952 |0 0  |1 0  |4 0  |6 781_421200000000000_POZ_1960  |7 0  |8 A  |9 355536  |a BIBEDU  |b BIBEDU  |d 2019-11-21  |h v.3  |i 1156675  |l 1  |o 781.4212 POZ 1960  |p 1156675  |r 2023-04-12  |s 2023-04-12  |w 2019-11-21  |y BK  |k MUS